| 000 | 00381nam a2200145Ia 4500 | ||
|---|---|---|---|
| 008 | 240624s9999 xx 000 0 und d | ||
| 041 | _aeng | ||
| 082 | _a339 KEN | ||
| 100 | _aKENNEDY PETER E | ||
| 245 | _aMACROECONOMIC ESSENTIALS UNDERSTANDING E | ||
| 250 | _a(3rd ed.) | ||
| 260 |
_c2014 _aNew Delhi _bPrentice Hall of India |
||
| 300 | _axvi, 466 p.; 23 cm. | ||
| 365 |
_c _b33 |
||
| 999 |
_c32696 _d32696 |
||